<?xml version="1.0" encoding="UTF-8"?>
<record
    xmlns:xsi="http://www.w3.org/2001/XMLSchema-instance"
    xsi:schemaLocation="http://www.loc.gov/MARC21/slim http://www.loc.gov/standards/marcxml/schema/MARC21slim.xsd"
    xmlns="http://www.loc.gov/MARC21/slim">

  <leader>02402nam a22003617a 4500</leader>
  <controlfield tag="003">DO-SdBNP</controlfield>
  <controlfield tag="005">20230710121656.0</controlfield>
  <controlfield tag="007">ta</controlfield>
  <controlfield tag="008">110301s2021    dr ac    000 0 spa d</controlfield>
  <datafield tag="020" ind1=" " ind2=" ">
    <subfield code="a">9789945613964 (v. 3)</subfield>
  </datafield>
  <datafield tag="040" ind1=" " ind2=" ">
    <subfield code="a">DO-SdBNP</subfield>
    <subfield code="b">spa</subfield>
    <subfield code="c">BPMSU</subfield>
  </datafield>
  <datafield tag="082" ind1=" " ind2="4">
    <subfield code="a">972.93053 </subfield>
    <subfield code="b">A185f 2021</subfield>
    <subfield code="2">22</subfield>
  </datafield>
  <datafield tag="100" ind1="1" ind2=" ">
    <subfield code="a">Acosta Matos, Eliades</subfield>
  </datafield>
  <datafield tag="245" ind1="1" ind2="0">
    <subfield code="a">Fugas equivocadas Machado, Batista y Trujillo : </subfield>
    <subfield code="b"> una historia de violencia y traici&#xF3;n /</subfield>
    <subfield code="c">Eliades Acosta Matos, Pablo Llabre Raurell; Cuidado de la edici&#xF3;n, Enrique Soldevilla Enr&#xED;quez.</subfield>
  </datafield>
  <datafield tag="260" ind1=" " ind2=" ">
    <subfield code="a">Santo Domingo :</subfield>
    <subfield code="b">Archivo General de la Naci&#xF3;n, </subfield>
    <subfield code="c">2021</subfield>
  </datafield>
  <datafield tag="300" ind1=" " ind2=" ">
    <subfield code="a">v. ;</subfield>
    <subfield code="c">23 cm.</subfield>
  </datafield>
  <datafield tag="490" ind1="0" ind2=" ">
    <subfield code="a">Archivo General de la Naci&#xF3;n,</subfield>
    <subfield code="v">424</subfield>
  </datafield>
  <datafield tag="500" ind1=" " ind2=" ">
    <subfield code="a">Incluye datos biogr&#xE1;ficos de los autores en las solapas de la cubierta, y la contracubierta </subfield>
  </datafield>
  <datafield tag="500" ind1=" " ind2=" ">
    <subfield code="a">Incluye referencias bibliogr&#xE1;ficas  y notas al pi&#xE9; de las p&#xE1;ginas.</subfield>
  </datafield>
  <datafield tag="500" ind1=" " ind2=" ">
    <subfield code="a"> </subfield>
  </datafield>
  <datafield tag="505" ind1=" " ind2=" ">
    <subfield code="a">Volumen III --</subfield>
    <subfield code="g">Cap&#xED;tulo XV --</subfield>
    <subfield code="t">Jugando a las invasiones y los desembarcos --</subfield>
    <subfield code="t">Pasando el Rubic&#xF3;n --</subfield>
    <subfield code="t">La recta final hacia el abrazo --</subfield>
    <subfield code="g">Cap&#xED;tulo XVI --</subfield>
    <subfield code="t">La voz del buen sentido y la responsabilidad --</subfield>
    <subfield code="t">Prendas de amistad --</subfield>
    <subfield code="t">Nubes sobre La Habana --</subfield>
    <subfield code="t">Cerrando el auspicioso a&#xF1;o de 1957 --</subfield>
    <subfield code="g">Cap&#xED;tulo XVII --</subfield>
    <subfield code="t">Huy&#xE9;ndole a esto --</subfield>
    <subfield code="t">De vuelta a los buenos viejos tiempos --</subfield>
    <subfield code="t">Hacia el ocaso definitivo --</subfield>
    <subfield code="g">Cap&#xED;tulo XVIII --</subfield>
    <subfield code="t">La estampida --</subfield>
    <subfield code="t">Una estampida deliberadamente difuminada --</subfield>
    <subfield code="t">Organizando la fuga --</subfield>
    <subfield code="t">Ciudad Trujillo y los primeros encuentros --</subfield>
    <subfield code="g">Cap&#xED;tulo XIX --</subfield>
    <subfield code="t">Trujillo se desencadena --</subfield>
    <subfield code="t">El tirano inc&#xF3;modo --</subfield>
    <subfield code="t">El diluvio descubierto desde Ciudad Trujillo --</subfield>
    <subfield code="g">Cap&#xED;tulo XX --</subfield>
    <subfield code="t">Una casa de espantos --</subfield>
    <subfield code="t">Movilizaciones e inmovilidades --</subfield>
    <subfield code="t">Planes rocambolescos --</subfield>
    <subfield code="g">Cap&#xED;tulo XXI --</subfield>
    <subfield code="t">Un final de opereta --</subfield>
    <subfield code="t">Desesperaci&#xF3;n --</subfield>
    <subfield code="t">Con espantoso tes&#xF3;n --</subfield>
    <subfield code="t">Testimonio gr&#xE1;fico /</subfield>
  </datafield>
  <datafield tag="590" ind1=" " ind2=" ">
    <subfield code="a">Inventariado, 2023/VM</subfield>
  </datafield>
  <datafield tag="600" ind1="1" ind2="4">
    <subfield code="a">Trujillo Molina, Rafael Le&#xF3;nidas </subfield>
    <subfield code="d">1891-1961</subfield>
  </datafield>
  <datafield tag="600" ind1="1" ind2="4">
    <subfield code="a">Machado y Morales, Geraldo </subfield>
    <subfield code="d">1871-1939</subfield>
  </datafield>
  <datafield tag="600" ind1="1" ind2="4">
    <subfield code="a">Batistas y Zald&#xED;var, Fulgencio </subfield>
    <subfield code="d">1901-1973</subfield>
  </datafield>
  <datafield tag="651" ind1=" " ind2="4">
    <subfield code="a">Rep&#xFA;blica Dominicana  </subfield>
    <subfield code="x">Historia </subfield>
    <subfield code="y">Era de Trujillo, 1930-1961</subfield>
  </datafield>
  <datafield tag="651" ind1=" " ind2="4">
    <subfield code="a">Rep&#xFA;blica Dominicana  	  </subfield>
    <subfield code="z">Cuba</subfield>
    <subfield code="x">Relaciones exteriores</subfield>
  </datafield>
  <datafield tag="651" ind1=" " ind2="4">
    <subfield code="a">Caribe (Regi&#xF3;n) </subfield>
    <subfield code="x">Pol&#xED;tica y gobierno </subfield>
    <subfield code="y">Siglo XX.</subfield>
  </datafield>
  <datafield tag="700" ind1="1" ind2=" ">
    <subfield code="a">Llabre Raurell, Pablo</subfield>
  </datafield>
  <datafield tag="700" ind1="1" ind2=" ">
    <subfield code="a">Soldevilla Enr&#xED;quez, Enrique, </subfield>
    <subfield code="e">ed.</subfield>
  </datafield>
  <datafield tag="910" ind1=" " ind2=" ">
    <subfield code="a">VMateo V. Control de calidad (BPMSU)</subfield>
  </datafield>
  <datafield tag="942" ind1=" " ind2=" ">
    <subfield code="2">ddc</subfield>
    <subfield code="c">BK</subfield>
  </datafield>
  <datafield tag="952" ind1=" " ind2=" ">
    <subfield code="0">0</subfield>
    <subfield code="1">0</subfield>
    <subfield code="2">ddc</subfield>
    <subfield code="4">0</subfield>
    <subfield code="7">0</subfield>
    <subfield code="8">CD</subfield>
    <subfield code="a">BPMET</subfield>
    <subfield code="b">BPMET</subfield>
    <subfield code="d">2023-07-10</subfield>
    <subfield code="l">0</subfield>
    <subfield code="o">BPMSU CD 972.93053  A185f 2021</subfield>
    <subfield code="p">BPMSU23070022</subfield>
    <subfield code="r">2023-07-10</subfield>
    <subfield code="t">v.3</subfield>
    <subfield code="w">2023-07-10</subfield>
    <subfield code="y">BK</subfield>
  </datafield>
  <datafield tag="999" ind1=" " ind2=" ">
    <subfield code="c">14412</subfield>
    <subfield code="d">14412</subfield>
  </datafield>
</record>
